| 000 | 00548nam a22001817a 4500 | ||
|---|---|---|---|
| 999 |
_c3229 _d3229 |
||
| 003 | OSt | ||
| 005 | 20181105124019.0 | ||
| 008 | 181015b ||||| |||| 00| 0 eng d | ||
| 040 | _cDLC | ||
| 082 |
_aREF 025 _bM285S |
||
| 100 | _aManovah, P. | ||
| 245 |
_aA Study On The Significance of The Principles of Christian Marriage in Believer's Life / _cBy P. Manovah. |
||
| 260 |
_aGreator Noida, UP : _bHarvest Mission College, _c2015. |
||
| 300 | _a63 p.: | ||
| 630 | _aInstitutional Thesis | ||
| 700 | _aBlessan G. Samuel - Mentor | ||
| 942 |
_2ddc _cREF |
||